Leyes N§ 20.276 a 20.300: tratados internacionales sumario

Uloženo v:
Podrobná bibliografie
Médium: Kniha
Jazyk:španělština
Vydáno: Santiago Jurídica de Chile 2009
Vydání:1a. ed
Edice:Textos Legales, 183
Témata:
Tagy: Přidat tag
Žádné tagy, Buďte první, kdo vytvoří štítek k tomuto záznamu!

MARC

LEADER 00000nam a2200000 a 4500
001 UCH7562
003 CL-VaPUC
008 091119e20090000CL |||||||||||||||||spa|d
020 |a 9789561019607 
082 0 4 |a 348.022  |b LEY  |2 21 
245 1 0 |a Leyes N§ 20.276 a 20.300: tratados internacionales sumario 
250 |a 1a. ed 
300 |a 218 p 
942 |c BK 
945 |d 20091119 00:00:00  |a rbrito 
260 |a Santiago  |b Jurídica de Chile  |c 2009 
650 7 |a DECRETOS CON FUERZA DE LEY  |2 CL-VaPUC  |9 389939 
650 7 |a DERECHO CHILENO  |2 CL-VaPUC  |9 543954 
651 7 |a CHILE  |2 CL-VaPUC  |9 543955 
583 |a last modification  |c 20091119 00:00:00  |k Rodrigo Vera 
490 0 |a Textos Legales, 183 
999 |c 338081  |d 338079